000 01142nam a22003377a 4500
003 CHAP
005 20220329141449.0
008 971013s1985 r 00010 d
010 _a68582
011 _a69554
035 _a79031
040 _cCHAP
082 _a658.312404
_bD3
100 0 0 _aDávila Rosazza, Guillermo.
_933124
245 _aProgramas experienciales de perfeccionamiento profesional
_b: curso taller de Peru
260 _aLima :
_bEscuela de Administración de Negocios para Graduados,
_c1985
300 _a244 p.
490 _aProyecto de gestión pública
_v; 13
500 _a29-220
590 _aBATCH-UPD
_b10
_c20130109
_lUCH01
_h2308
590 _aBATCH-UPD
_b10
_c20130110
_lUCH01
_h0533
590 _aBATCH-UPD
_b10
_c20130409
_lUCH01
_h1824
590 _aBATCH-UPD
_b10
_c20130410
_lUCH01
_h0213
590 _aBATCH-UPD
_b10
_c20130914
_lUCH01
_h0839
590 _aCONVERSION
_b10
_c20130109
_lUCH01
_h1338
650 1 4 _aCapacitación.
_918690
830 0 _aProyecto de gestión pública
_v; 13
_992495
901 _aBK
942 _cLIBRO
949 _a658.312404 D3
_bBC
_cLIBRO
_d33724000098364
_eLIBRO
_h74439
_i79031
_si
999 _c68582
_d68582